00257nam a2200121Ia 4500100002300000650001200023366000700035245002500042260003300067082001500100300000800115546001200123 aStephen W.Hawking  aFiction f20 aTheory of everything bJaico Publishing Housec2008 a808.83/STE a132 aENGLISH